000
00263nam a22001097a 4500
008
170120b xxu||||| |||| 00| 0 eng d
020
_a
9781933107523
041
_a
eng
080
_2
7TH
_a
618.2
245
_a
ADULT MEDICAL-SURGICAL NUSING
_c
PLATT. D
942
_2
udc
_c
BK
999
_c
3295
_d
3295